Derecho Canónico.
Enregistré dans:
| Auteur principal: | |
|---|---|
| Autres auteurs: | |
| Format: | Livre |
| Langue: | espagnol |
| Publié: |
Madrid, España:
Biblioteca de Autores Cristianos,
2006.
|
| Édition: | Primera edición. |
| Collection: | Sapientia Fidei. Serie de Manuales de Teología;
|
| Sujets: | |
| Tags: |
Ajouter un tag
Pas de tags, Soyez le premier à ajouter un tag!
|
MARC
| LEADER | 00000nam a2200000 a 4500 | ||
|---|---|---|---|
| 001 | UCH2916 | ||
| 003 | CL-VaPUC | ||
| 005 | 20240424120219.0 | ||
| 008 | 090702e20060000SP |||||||||||||||||spa|d | ||
| 999 | |c 334577 |d 334575 | ||
| 020 | |a 84-7914-846-2 (o.c) | ||
| 020 | |a 84-7914-847-0 (v.I) | ||
| 020 | |a 84-7914-848-9 (v.II) | ||
| 040 | |c Pontificia Universidad Católica de Valparaíso | ||
| 082 | 0 | 4 | |a 262.9 COR 2006 |2 21 |
| 100 | |a Cortés Diéguez, Myriam |e coordinadora |9 579689 | ||
| 245 | 1 | 0 | |a Derecho Canónico. |
| 250 | |a Primera edición. | ||
| 260 | |a Madrid, España: |b Biblioteca de Autores Cristianos, |c 2006. | ||
| 300 | |a Dos volúmenes. | ||
| 490 | |a Sapientia Fidei. |a Serie de Manuales de Teología; |n 32; |n 33. | ||
| 505 | |a v.I El derecho del pueblo de Dios. v.II. El derecho en la misión de la Iglesia. | ||
| 583 | |a last modification |c 20090702 00:00:00 |k Rodrigo Vera | ||
| 650 | 0 | |a Derecho canónico |2 CL-VaPUC |9 254934 | |
| 700 | |a San José Prisco, José |e coordinador |9 888528 | ||
| 942 | |c BK |2 ddc | ||
| 945 | |d 20090702 00:00:00 |a dcastane | ||
| 952 | |0 0 |1 0 |4 0 |6 262_900000000000000_COR_2006 |7 0 |8 A |9 423685 |a BIBTEO |b BIBTEO |d 2019-11-22 |h v.1 |i 4569083 |o 262.9 COR 2006 |p 4569083 |r 2025-01-17 |w 2019-11-22 |y BK |k ICR | ||
| 952 | |0 0 |1 0 |4 0 |6 262_900000000000000_COR_2006 |7 0 |8 A |9 423686 |a BIBTEO |b BIBTEO |d 2019-11-22 |h v.2 |i 4569091 |l 1 |o 262.9 COR 2006 |p 4569091 |r 2025-01-17 |s 2024-08-28 |w 2019-11-22 |y BK |k ICR | ||
| 952 | |0 0 |1 0 |2 ddc |4 0 |6 262_900000000000000_COR_2006 |7 0 |8 A |9 594190 |a BIBTEO |b BIBTEO |d 2024-04-24 |e 8 |g 22401.00 |h v.I |i 5660850 |o 262.9 COR 2006 |p 5660850 |r 2025-01-17 |t 2 |v 22401.00 |w 2024-04-24 |y BK |k ICR | ||
| 952 | |0 0 |1 0 |2 ddc |4 0 |6 262_900000000000000_COR_2006 |7 0 |8 A |9 594191 |a BIBTEO |b BIBTEO |d 2024-04-24 |e 8 |g 21000.00 |h v.II |i 5660851 |o 262.9 COR 2006 |p 5660851 |r 2025-01-17 |t 2 |v 21000.00 |w 2024-04-24 |y BK |k ICR | ||
| 952 | |0 0 |1 0 |2 ddc |4 0 |6 262_900000000000000_COR_2006 |7 0 |8 A |9 594192 |a BIBTEO |b BIBTEO |d 2024-04-24 |e 8 |g 21000.00 |h v.II |i 5660852 |o 262.9 COR 2006 |p 5660852 |r 2025-01-17 |t 3 |v 21000.00 |w 2024-04-24 |y BK |k ICR | ||